1653 1202 1446 1467 1205 1340 1575 1530 1688 1617 1882 1085 1884 1575 1397 1650 1686 1904 1743 1088 1219 1311 1460 1596 1385 1876 1281 1709 1889 1468 1742 1335 1970 1559 1609 1660 1077 1624 1812 1685 1433 1464 1522 1880 1455 1697 1466 1624 1271 1147 1832 1709 1779 1445 1552 1787 1691 1700 1423 1625 1927 1075 1354 1829 1883 1505 1784 1623 1547 1152 1198 1084 1190 1103 1362 1491 1049 1682 1265 1028 1486 1863 1748 1833 1553 1394 1924 1641 1261 1727 1472 1913 1785 1926 1105 1198 1487 1862 1546 BCNSPRNW ULIB Ver.6.0+V

เปลี่ยนเป็นภาษาไทย

Change to English
 แสดงรายละเอียดบรรณานุกรม
  กลับหน้าหลัก

Brief Record : Get Marc (ISO 2709) : E-mail record : QR code < ปิดหน้าต่าง
LEADER : 00000nam 2200000uu 4500
001    13399111756
003     ULIB
008    110707s2543||||th 000 0 tha d
020    9748599663
050  4 DS485^bพ775ภ 2543
100 0  พิสมัย จันทวิมล
245 10 ภูฏาน :^bมนต์เสน่ห์ในอ้อมกอดหิมาลัย /^cพิสมัย จันทวิมล,เรื่องและภาพ ; สุพัตรา สุขสวัสดิ์, บรรณาธิการ
260    กรุงเทพฯ :^bร้านนายอินทร์,^c2543
300    160 หน้า :^bภาพประกอบ ;^c21 ซม.
650  4 ภูฏาน^xภูมิประเทศและการท่องเที่ยว
650  4 ภูฏาน^xความเป็นอยู่และประเพณี
700 0  สุพัตรา สุขสวัสดิ์
945    ^p175^l0^i014504
995    ทศพร
999 ^a ใช้งานได้ทุกระบบ
รายการนี้ยังไม่มีแท็ก
คุณยังไม่ได้ล็อกอิน คุณสามารถมีกิจกรรมร่วมกับเว็บไซต์ได้ แต่ต้องล็อกอินก่อน ::
  ล็อกอิน

รายการสื่อสารสนเทศ

ลำดับที่ ประเภท เลขเรียก/บาร์โค้ด สถานที่ สถานะ
- ไม่พบข้อมูล -

BibComment


ยังไม่เคยถูกคอมเมนท์

คอมเมนท์ทรัพยากรรายการนี้
  คอมเมนท์: ภูฏาน มนต์เสน่ห์..


 Copyright 2026. Bcnsprnw @Library